Introduccion a la ingenieria agricola / Jose Eugenio Hernandez Hernandez (Registro nro. 11661)

Detalles MARC
000 -LEADER
fixed length control field 00586nam a22001931a 4500
001 - CONTROL NUMBER
control field 11661
003 - CONTROL NUMBER IDENTIFIER
control field OSt
005 - DATE AND TIME OF LATEST TRANSACTION
control field 20260204212251.0
008 - FIXED-LENGTH DATA ELEMENTS--GENERAL INFORMATION
fixed length control field 130503s2009||||ck ||||||b||||||||||spa||
050 ## - LIBRARY OF CONGRESS CALL NUMBER
Classification number 620.4 H431
100 ## - ASIENTO PRINCIPAL -- NOMBRE PERSONAL
Personal name Hernandez Hernandez, Jose Eugenio
245 ## - TÍTULO PROPIAMENTE DICHO: SUBTÍTULO
Title Introduccion a la ingenieria agricola / Jose Eugenio Hernandez Hernandez
250 ## - MENCIÓN DE EDICIÓN
Edition statement 6ta. ed. Ampliado y revisado
264 ## - PRODUCTION, PUBLICATION, DISTRIBUTION, MANUFACTURE, AND COPYRIGHT NOTICE
Place of production, publication, distribution, manufacture Colombia : Universidad Nacional de Colombia
300 ## - PHYSICAL DESCRIPTION
Extensión 166 P
500 ## - GENERAL NOTE
General note Incluye bibliografia
650 ## - ASIENTO SECUNDARIO DE MATERIA -- TERMINO TEMÁTICO
Termino Temático Como Elemento de Entrada Ingenieria agricola 2.Medio ambiente I-tilÌ
942 ## - ADDED ENTRY ELEMENTS (KOHA)
Source of classification or shelving scheme Dewey Decimal Classification
Koha item type Libros
Existencias
Withdrawn status Lost status Source of classification or shelving scheme Damaged status Not for loan Current library Date acquired Total Checkouts Full call number Barcode Date last seen Price effective from Koha item type
    Dewey Decimal Classification     Biblioteca UTECO 09/09/2019   620.4 H431 016841 09/09/2019 09/09/2019 Libros
    Dewey Decimal Classification     Biblioteca UTECO 09/09/2019   620.4 H431 016842 09/09/2019 09/09/2019 Libros
© 2021 Derechos Reservados UTECO - Teléfono: +1 809-585-2291 - Correo electrónico: biblioteca@uteco.edu.do​  
Código postal 43000 ​​
Dirección: Avenida Universitaria No. 100, 
Cotuí, Provincia Sánchez Ramírez, República Dominicana - RNC: 404-00059-6